| 000 | 00494nam a2200193Ia 4500 | ||
|---|---|---|---|
| 005 | 20251020182603.0 | ||
| 008 | 200515s9999 xx 000 0 und d | ||
| 082 | _aSC/342.4(85)/CH61 | ||
| 100 | _aCHIRINOS SOTO, Enrique | ||
| 245 | 0 | _aLa nueva Constitución al alcance de todos | |
| 250 | _a3a ed. | ||
| 260 | _aLima | ||
| 260 | _c1984 | ||
| 300 | _a527 | ||
| 520 | _aLa Constitución de 1979 comentada por el autor | ||
| 650 | _aCONSTITUCION POLITICA | ||
| 650 | _aLIB | ||
| 942 | _cLIB | ||
| 999 |
_c3122 _d3122 |
||